[Event "GER-chB Seniors 26th"]
[Site "Bad Neuenahr"]
[Date "2014.08.05"]
[Round "1"]
[White "Harke, Horst"]
[Black "Polifka, Wilfried"]
[Result "0-1"]
[WhiteElo "1870"]
[BlackElo "1763"]
[PlyCount "138"]
[EventDate "2014.08.05"]
[EventType "swiss"]
[EventRounds "9"]
[EventCountry "GER"]
[SourceTitle "EXT 2018"]
[Source "ChessBase"]
[SourceDate "2017.10.13"]
[SourceVersion "1"]
[SourceVersionDate "2017.10.13"]
[SourceQuality "1"]

1. d4 b6 2. c4 e6 3. Nc3 Bb7 4. e4 Bb4 5. Qc2 Nc6 6. Be3 Nge7 7. a3 Bxc3+ 8. Qxc3 0-0 9. Bg5 f6 10. Bh4 Ng6 11. Bg3 Nce7 12. Bd3 Rc8 13. f3 d5 14. Ne2 c5 15. dxc5 Rxc5 16. b4 Rc8 17. Rd1 e5 18. Qb3 d4 19. Rc1 Kh8 20. 0-0 f5 21. Bf2 f4 22. c5 bxc5 23. bxc5 Bc6 24. Rb1 Qd7 25. h4 Ng8 26. Qa2 Qe7 27. h5 Nh4 28. Bxh4 Qxh4 29. Qe6 Rfe8 30. Qg4 Qf6 31. Qh3 Qe7 32. Rbc1 Bd7 33. g4 fxg3 34. Qxg3 Rxc5 35. Rxc5 Qxc5 36. Rc1 Qxa3 37. Rc7 Qa4 38. Qe1 Nf6 39. Ng3 h6 40. Rc1 Qa3 41. Qd2 Qe7 42. Rc7 Qa3 43. Qc2 Rb8 44. Nf1 Qd6 45. Rxa7 Nxh5 46. Ra6 Qf8 47. Qc7 Qe8 48. Ra5 Qg6+ 49. Kf2 Rb2+ 50. Ke1 Bh3 51. Ra8+ Kh7 52. Qd8 Qe6 53. Qh8+ Kg6 54. Ra6 Rb6 55. Rxb6 Qxb6 56. Qe8+ Kg5 57. Qxe5+ Kh4 58. Qe7+ g5 59. Qa3 Bxf1 60. Kxf1 Nf4 61. Qa2 Kh5 62. Bc4 Kg6 63. e5 d3 64. Bf7+ Kg7 65. e6 Qe3 66. Qa1+ Kh7 67. Qe1 Qxf3+ 68. Qf2 Qh1+ 69. Qg1 Qxg1+ 0-1

[Event "GER-ch Seniors"]
[Site "Dresden"]
[Date "2012.08.16"]
[Round "8"]
[White "Krueger, Bernd"]
[Black "Polifka, Wilfried"]
[Result "0-1"]
[WhiteElo "1767"]
[BlackElo "1833"]
[PlyCount "94"]
[EventDate "2012.08.09"]
[EventType "swiss"]
[EventRounds "9"]
[EventCountry "GER"]
[SourceTitle "EXT 2014"]
[Source "ChessBase"]
[SourceDate "2013.11.20"]
[SourceVersion "1"]
[SourceVersionDate "2013.11.20"]
[SourceQuality "1"]

1. d4 b6 2. Nf3 e6 3. e3 Bb7 4. Bd3 Nf6 5. Nbd2 c5 6. Qe2 d5 7. b3 Nc6 8. Bb2 Bd6 9. e4 dxe4 10. Nxe4 cxd4 11. Nxd6+ Qxd6 12. 0-0 0-0 13. Rfe1 Rfe8 14. Bb5 e5 15. Rad1 a6 16. Bxc6 Qxc6 17. Rc1 Rad8 18. Qf1 h5 19. Red1 Qe6 20. Ne1 Ng4 21. Rd3 e4 22. Rxd4 Rxd4 23. Bxd4 e3 24. fxe3 Qg6 25. Qd3 Be4 26. Qe2 h4 27. h3 Nh6 28. c3 Re6 29. Qf2 Qh5 30. Kf1 Nf5 31. Kg1 Rg6 32. c4 Ng3 33. Kh2 Rg5 34. Bxb6 Rf5 35. Nf3 Bxf3 36. gxf3 Rxf3 37. Qg2 Qf5 38. e4 Qf4 39. Bc7 Qf6 40. Bxg3 hxg3+ 41. Kg1 Qd4+ 42. Kh1 Qxe4 43. c5 Qf4 44. Rd1 Rf2 45. Qa8+ Kh7 46. Kg1 Re2 47. Rf1 Qe3+ 0-1

[Event "Prague op-A 11th"]
[Site "Prague"]
[Date "2012.01.16"]
[Round "4"]
[White "Duda, Antonin"]
[Black "Polifka, Wilfried"]
[Result "1-0"]
[WhiteElo "2032"]
[BlackElo "1854"]
[PlyCount "129"]
[EventDate "2012.01.13"]
[EventType "swiss"]
[EventRounds "9"]
[EventCountry "CZE"]
[SourceTitle "CBM 146 Extra"]
[Source "ChessBase"]
[SourceDate "2012.02.29"]
[SourceVersion "1"]
[SourceVersionDate "2012.02.29"]
[SourceQuality "1"]

1. e4 b6 2. d4 e6 3. Bd3 Bb7 4. Nc3 Bb4 5. a3 Be7 6. Nf3 d6 7. 0-0 Nd7 8. Re1 c5 9. d5 e5 10. h3 a6 11. Nh2 Ngf6 12. Ne2 b5 13. Ng3 g6 14. Bf1 c4 15. Be3 Rc8 16. c3 Nc5 17. Bxc5 Rxc5 18. Qd2 Ng8 19. Rad1 Bg5 20. Qe2 Bf4 21. Nh1 Bc8 22. g3 Bh6 23. f4 f6 24. Qf2 Ne7 25. Bg2 0-0 26. Ng4 Bg7 27. Qe3 Rc7 28. fxe5 fxe5 29. Rf1 Bxg4 30. hxg4 Nc8 31. g5 Rcf7 32. Nf2 Nb6 33. Bh3 Rf3 34. Be6+ Kh8 35. Qe2 Rxg3+ 36. Kh2 Qxg5 37. Nh3 Qh4 38. Rxf8+ Bxf8 39. Qf1 Rxh3+ 40. Qxh3 Qxh3+ 41. Kxh3 Bh6 42. Bf7 Na4 43. Rb1 Nc5 44. Re1 Nd3 45. Rb1 Nf2+ 46. Kg2 Nxe4 47. a4 Kg7 48. axb5 axb5 49. Be8 Nd2 50. Ra1 Be3 51. Bxb5 h5 52. Ra4 Bc5 53. Bxc4 e4 54. Be2 Kf6 55. b4 Bb6 56. Ra6 Bc7 57. Rc6 Bb8 58. b5 Ke5 59. b6 Nb3 60. Rc8 Na5 61. Rxb8 Kxd5 62. Rc8 Ke6 63. Ba6 Kd7 64. b7 Nc6 65. Bb5 1-0

[Event "GER-ch Seniors 22nd"]
[Site "Berlin"]
[Date "2010.08.21"]
[Round "6"]
[White "Polifka, Wilfried"]
[Black "Rieck, Helmut"]
[Result "0-1"]
[WhiteElo "1566"]
[BlackElo "1731"]
[PlyCount "126"]
[EventDate "2010.08.16"]
[EventType "swiss"]
[EventRounds "9"]
[EventCountry "GER"]
[SourceTitle "CBM 138 Extra"]
[Source "ChessBase"]
[SourceDate "2010.10.29"]
[SourceVersion "1"]
[SourceVersionDate "2010.10.29"]
[SourceQuality "1"]

1. f4 d5 2. Nf3 Nf6 3. d3 g6 4. e3 Bg7 5. Be2 c6 6. 0-0 Qb6 7. c3 0-0 8. Nbd2 Qxe3+ 9. Kh1 Qb6 10. Ne5 Nbd7 11. Ndf3 Nxe5 12. fxe5 Ng4 13. d4 f5 14. h3 Nh6 15. b3 Nf7 16. Ba3 Qc7 17. c4 Be6 18. Rc1 Rad8 19. c5 Qa5 20. Bb2 Rc8 21. Bc3 Qc7 22. Bd2 Qd7 23. Qe1 b6 24. b4 bxc5 25. bxc5 Rb8 26. Rb1 Rxb1 27. Qxb1 Qc7 28. Qc2 Rb8 29. Rb1 h6 30. Ne1 Rxb1 31. Qxb1 Bc8 32. Nd3 g5 33. Nb4 e6 34. Qc2 Nd8 35. Bh5 Qb7 36. Qa4 Kf8 37. Qa5 Ke7 38. Be2 Qd7 39. Qa3 Qc7 40. Qf3 Kf8 41. Qd3 Qb7 42. Bh5 Qb5 43. Qa3 a5 44. Nd3 Nb7 45. Be2 Qb1+ 46. Kh2 Qc2 47. Qb2 Qxb2 48. Nxb2 Nxc5 49. Bxa5 Ne4 50. a4 c5 51. dxc5 Bxe5+ 52. Kg1 Bxb2 53. c6 Bd4+ 54. Kf1 Ng3+ 55. Ke1 Nxe2 56. Kxe2 e5 57. Bb4+ Ke8 58. Bd6 e4 59. a5 Ba6+ 60. Ke1 f4 61. Bc7 e3 62. Bb6 Bc3+ 63. Kd1 e2+ 0-1

[Event "GER-ch Seniors 22nd"]
[Site "Berlin"]
[Date "2010.08.16"]
[Round "1"]
[White "Mueller, Klaus2222"]
[Black "Polifka, Wilfried"]
[Result "1-0"]
[WhiteElo "1898"]
[BlackElo "1566"]
[PlyCount "98"]
[EventDate "2010.08.16"]
[EventType "swiss"]
[EventRounds "9"]
[EventCountry "GER"]
[SourceTitle "CBM 138 Extra"]
[Source "ChessBase"]
[SourceDate "2010.10.29"]
[SourceVersion "1"]
[SourceVersionDate "2010.10.29"]
[SourceQuality "1"]

1. e4 b6 2. d4 e6 3. Nf3 Bb7 4. Bd3 Nf6 5. Qe2 Be7 6. 0-0 d6 7. Re1 Nbd7 8. Nbd2 Rc8 9. c3 c5 10. Nf1 cxd4 11. cxd4 e5 12. Ng3 g6 13. h3 h5 14. Bg5 Nh7 15. Bxe7 Qxe7 16. Rad1 h4 17. Nf1 Nhf6 18. d5 Nh5 19. Bb5 Nf4 20. Qd2 g5 21. Ne3 a6 22. Nf5 Qf6 23. Bxd7+ Kxd7 24. Nh2 Rc5 25. Ng4 Qg6 26. Nfe3 Rhc8 27. Kh2 Kd8 28. Nf5 R8c7 29. Nge3 Bc8 30. Qb4 b5 31. a4 Bxf5 32. exf5 Qf6 33. Qa5 e4 34. Qxa6 Ke7 35. axb5 Nd3 36. Rxd3 Qe5+ 37. Kg1 Rc1 38. Rdd1 Rxd1 39. Rxd1 Qxb2 40. Qb6 Qc3 41. Qd4 Qb3 42. Qxe4+ Kd7 43. f6 Kc8 44. Qf5+ Kb7 45. b6 Rc3 46. Rb1 Qa2 47. Qd7+ Kb8 48. Qe8+ Rc8 49. Qe4 Kb7 1-0

[Event "Niedersachsen-ch Seniors op 13th"]
[Site "Bad Bevensen"]
[Date "2010.07.12"]
[Round "7"]
[White "Traut, Alexander"]
[Black "Polifka, Wilfried"]
[Result "0-1"]
[WhiteElo "1358"]
[BlackElo "1530"]
[PlyCount "72"]
[EventDate "2010.07.06"]
[EventType "swiss"]
[EventRounds "9"]
[EventCountry "GER"]
[SourceTitle "EXT 2012"]
[Source "ChessBase"]
[SourceDate "2011.11.24"]
[SourceVersion "1"]
[SourceVersionDate "2011.11.24"]
[SourceQuality "1"]

1. e4 b6 2. Bc4 e6 3. d3 Bb7 4. Nf3 Nf6 5. Bb3 Bc5 6. d4 Be7 7. e5 Nd5 8. 0-0 c5 9. c4 Nc7 10. d5 d6 11. Nc3 0-0 12. Qd3 Ba6 13. Bc2 g6 14. Bh6 Re8 15. b3 dxe5 16. Qe4 Bf6 17. d6 Nd7 18. dxc7 Qxc7 19. Rad1 Bb7 20. Qd3 Rad8 21. Qe3 Nb8 22. Ne4 Bh8 23. Bg5 Rxd1 24. Rxd1 Bxe4 25. Qxe4 f6 26. Bh6 Nc6 27. Nh4 f5 28. Qe3 Nd4 29. Bb1 e4 30. g3 Rd8 31. Kg2 Bf6 32. Bf4 e5 33. Bg5 Rf8 34. Bh6 Rf7 35. Bg5 Qe7 36. f4 exf4 0-1

[Event "Niedersachsen-ch Seniors op 13th"]
[Site "Bad Bevensen"]
[Date "2010.07.08"]
[Round "3"]
[White "Ahrens, Gerhard"]
[Black "Polifka, Wilfried"]
[Result "1-0"]
[WhiteElo "1846"]
[BlackElo "1530"]
[PlyCount "113"]
[EventDate "2010.07.06"]
[EventType "swiss"]
[EventRounds "9"]
[EventCountry "GER"]
[SourceTitle "EXT 2012"]
[Source "ChessBase"]
[SourceDate "2011.11.24"]
[SourceVersion "1"]
[SourceVersionDate "2011.11.24"]
[SourceQuality "1"]

1. e4 b6 2. c4 Bb7 3. Nc3 e5 4. Nf3 Nc6 5. Be2 Bc5 6. 0-0 Nf6 7. d3 0-0 8. Na4 Bd4 9. Rb1 d6 10. Nc3 a6 11. Bg5 h6 12. Bh4 Bxc3 13. bxc3 Ne7 14. Bxf6 gxf6 15. Nh4 Bc8 16. Bh5 Kh7 17. f4 Ng6 18. Bxg6+ fxg6 19. f5 g5 20. Ng6 Rg8 21. Qh5 Bd7 22. Rf3 Kg7 23. Rh3 b5 24. Qxh6+ Kf7 25. Qh5 Be8 26. Nxe5+ Kf8 27. Qh6+ Rg7 28. Ng6+ Kf7 29. Qh8 Bd7 30. Qxd8 Rxd8 31. cxb5 axb5 32. Rh8 Rxh8 33. Nxh8+ Ke8 34. Ng6 d5 35. g4 c6 36. e5 fxe5 37. Nxe5 Ke7 38. Re1 Kd6 39. f6 Rg8 40. d4 Rf8 41. Rf1 Be6 42. Kg2 c5 43. Kg3 cxd4 44. cxd4 Bf7 45. h4 gxh4+ 46. Kxh4 Ke6 47. g5 Rh8+ 48. Kg4 Rg8 49. Re1 Be8 50. Nd3+ Kd6 51. Ne5 Ke6 52. Rf1 Bf7 53. Re1 Be8 54. Ng6+ Kf7 55. Ne7 Bd7+ 56. Kf4 Be6 57. Nxg8 1-0

[Event "Niedersachsen-ch Seniors op 13th"]
[Site "Bad Bevensen"]
[Date "2010.07.07"]
[Round "2"]
[White "Polifka, Wilfried"]
[Black "Geibel, Henning"]
[Result "1-0"]
[WhiteElo "1530"]
[BlackElo "1105"]
[PlyCount "105"]
[EventDate "2010.07.06"]
[EventType "swiss"]
[EventRounds "9"]
[EventCountry "GER"]
[SourceTitle "EXT 2012"]
[Source "ChessBase"]
[SourceDate "2011.11.24"]
[SourceVersion "1"]
[SourceVersionDate "2011.11.24"]
[SourceQuality "1"]

1. f4 Nf6 2. Nf3 h6 3. d3 e6 4. e4 Bc5 5. Nc3 d6 6. Be2 Nc6 7. Na4 b6 8. Nxc5 bxc5 9. 0-0 0-0 10. Be3 Ng4 11. Qd2 Nxe3 12. Qxe3 Nb4 13. Bd1 Ba6 14. a3 Nc6 15. c3 c4 16. d4 Na5 17. Nd2 Rb8 18. Rb1 Nb3 19. Nf3 c5 20. d5 exd5 21. exd5 Re8 22. Qf2 Qd7 23. Bc2 Bb7 24. Rbd1 Re7 25. Rfe1 Rxe1+ 26. Nxe1 Qg4 27. h3 Qh5 28. f5 Re8 29. Nf3 f6 30. Kh2 Qf7 31. Bxb3 cxb3 32. c4 Ba6 33. Qf1 Bc8 34. Qd3 a5 35. g4 a4 36. Qd2 Re7 37. Qf4 Re2+ 38. Kg3 Qe7 39. Rd2 Rxd2 40. Qxd2 Qe4 41. Qa5 Bd7 42. Qa6 Qe7 43. Kf2 Kh7 44. Qa7 Qe8 45. Nh4 Qf7 46. Qc7 Be8 47. Qxd6 Qa7 48. Qf8 Qf7 49. Qxc5 h5 50. Ng6 hxg4 51. hxg4 Kh6 52. Kf3 Qd7 53. Qe3+ 1-0

[Event "GER-ch Seniors 21st"]
[Site "Dresden"]
[Date "2009.08.09"]
[Round "8"]
[White "Benkmann, Guenter"]
[Black "Polifka, Wilfried"]
[Result "1-0"]
[WhiteElo "1713"]
[BlackElo "1838"]
[PlyCount "89"]
[EventDate "2009.08.03"]
[EventType "swiss"]
[EventRounds "9"]
[EventCountry "GER"]
[SourceTitle "CBM 131 Extra"]
[Source "ChessBase"]
[SourceDate "2009.09.03"]
[SourceVersion "2"]
[SourceVersionDate "2009.09.16"]
[SourceQuality "1"]

1. e4 b6 2. d4 e6 3. c4 Bb7 4. Nc3 Bb4 5. d5 exd5 6. cxd5 Qf6 7. Qf3 Qg6 8. Bd3 Ba6 9. Bxa6 Nxa6 10. Nge2 Ne7 11. 0-0 0-0 12. a3 Bd6 13. Bf4 f5 14. e5 Bc5 15. b4 Nxb4 16. axb4 Bxb4 17. Nb5 c5 18. Nxa7 h5 19. Nb5 h4 20. h3 Qh7 21. Kh2 Ng6 22. d6 Rxa1 23. Rxa1 Ba5 24. Qd5+ Kh8 25. Bg5 Qh5 26. Be7 Rg8 27. f3 Qh6 28. Rd1 Qe3 29. Qd3 Qxe5+ 30. f4 Nxf4 31. Nxf4 Qxf4+ 32. Kg1 g6 33. Nc7 Kh7 34. Nd5 c4 35. Nxf4 cxd3 36. Nxd3 Bc3 37. Bxh4 g5 38. Bf2 b5 39. Nc5 Rg7 40. Bd4 Bb4 41. Nd3 Rg6 42. Nxb4 Rxd6 43. Rd2 Re6 44. Kf2 Kg6 45. Re2 1-0

[Event "Bad Bevensen Seniors op 12th"]
[Site "Bad Bevensen"]
[Date "2009.07.13"]
[Round "7"]
[White "Polifka, Wilfried"]
[Black "Diskin, Semen"]
[Result "0-1"]
[WhiteElo "1642"]
[BlackElo "1831"]
[PlyCount "60"]
[EventDate "2009.07.07"]
[EventType "swiss"]
[EventRounds "9"]
[EventCountry "GER"]
[SourceTitle "EXT 2022"]
[Source "ChessBase"]
[SourceDate "2021.10.06"]
[SourceVersion "1"]
[SourceVersionDate "2021.10.06"]
[SourceQuality "1"]

1. f4 g6 2. Nf3 Bg7 3. d3 b6 4. e4 Bb7 5. Be2 d6 6. 0-0 Nc6 7. c3 Nf6 8. Ng5 h6 9. Nh3 Qd7 10. f5 gxf5 11. Rxf5 0-0-0 12. b4 d5 13. Qf1 dxe4 14. dxe4 Nxe4 15. Rxf7 Rdf8 16. Bb2 Nd6 17. Rxf8+ Rxf8 18. Qd1 e6 19. a4 Nxb4 20. Qb3 Nd5 21. Bg4 Nf5 22. Nd2 Nde3 23. Nf3 Nxg4 24. Rd1 Qc6 25. Ba3 Rd8 26. c4 e5 27. c5 e4 28. Ne1 Bd4+ 29. Kh1 Qf6 30. cxb6 Ng3+ 0-1

[Event "GER-ch Seniors-B 20th"]
[Site "Erfurt"]
[Date "2008.08.08"]
[Round "4"]
[White "Polifka, Wilfried"]
[Black "Reeh, Axel"]
[Result "0-1"]
[WhiteElo "1561"]
[BlackElo "1671"]
[PlyCount "80"]
[EventDate "2008.08.05"]
[EventType "swiss"]
[EventRounds "9"]
[EventCountry "GER"]
[SourceTitle "CBM 126 Extra"]
[Source "ChessBase"]
[SourceDate "2008.11.05"]
[SourceVersion "1"]
[SourceVersionDate "2008.11.05"]
[SourceQuality "1"]

1. f4 g6 2. Nf3 Bg7 3. e4 d6 4. d4 c5 5. Be3 b6 6. Bc4 Bb7 7. Nbd2 Qc8 8. 0-0 Nf6 9. Ng5 0-0 10. f5 d5 11. exd5 Nxd5 12. Bf2 cxd4 13. Bb3 Qc6 14. Ndf3 Ne3 15. Bxe3 dxe3 16. c3 Bf6 17. Qe2 Ba6 18. c4 Nd7 19. Nh3 Nc5 20. Qxe3 Nxb3 21. axb3 Bb7 22. Rf2 Bc8 23. Ne5 Qd6 24. Ng4 Bd4 25. Qh6 Bg7 26. Qh4 Bxf5 27. Nh6+ Bxh6 28. Qxh6 Bxh3 29. Qxh3 Kg7 30. Raf1 Rad8 31. Qf3 f6 32. h4 h5 33. Re1 e5 34. g4 hxg4 35. Qxg4 Rh8 36. Kg2 Qc6+ 37. Kf1 Rd4 38. Qg3 Rhxh4 39. Rxe5 Qh1+ 40. Ke2 Qa1 0-1

[Event "Prague op-B 07th"]
[Site "Prague"]
[Date "2008.01.16"]
[Round "7"]
[White "Rous, Daniel"]
[Black "Polifka, Wilfried"]
[Result "1-0"]
[WhiteElo "1649"]
[BlackElo "1862"]
[PlyCount "77"]
[EventDate "2008.01.11"]
[EventType "swiss"]
[EventRounds "9"]
[EventCountry "CZE"]
[SourceTitle "EXT 2010"]
[Source "ChessBase"]
[SourceDate "2010.11.25"]
[SourceVersion "1"]
[SourceVersionDate "2010.11.25"]
[SourceQuality "1"]

1. d4 b6 2. e4 e6 3. c4 d6 4. Nc3 Bb7 5. Nf3 Be7 6. Bd3 Nf6 7. h3 c5 8. d5 e5 9. 0-0 Na6 10. a3 0-0 11. Be3 Bc8 12. Ne1 Ne8 13. f4 exf4 14. Bxf4 Bf6 15. Qd2 Bd4+ 16. Kh1 f5 17. Nc2 fxe4 18. Bxe4 Qh4 19. Nxd4 cxd4 20. Qxd4 Nc5 21. Bc2 Nf6 22. Qe3 Bd7 23. Bxd6 Rfe8 24. Qf4 Qh5 25. Bxc5 bxc5 26. Ne4 Nxe4 27. Bxe4 Bxh3 28. gxh3 Qxh3+ 29. Kg1 Rf8 30. Bg2 Qd3 31. Qe4 Qb3 32. Rxf8+ Rxf8 33. Qe6+ Kh8 34. Rf1 Rb8 35. Qe7 h5 36. Rf8+ Rxf8 37. Qxf8+ Kh7 38. Be4+ Kh6 39. Qf4+ 1-0

[Event "Niedersachsen-ch Seniors op 10th"]
[Site "Bad Bevensen"]
[Date "2007.07.11"]
[Round "9"]
[White "Rychlik, Kurt"]
[Black "Polifka, Wilfried"]
[Result "1-0"]
[WhiteElo "1925"]
[BlackElo "1583"]
[PlyCount "107"]
[EventDate "2007.07.03"]
[EventType "swiss"]
[EventRounds "9"]
[EventCountry "GER"]
[SourceTitle "EXT 2022"]
[Source "ChessBase"]
[SourceDate "2021.10.06"]
[SourceVersion "1"]
[SourceVersionDate "2021.10.06"]
[SourceQuality "1"]

1. e4 b6 2. d4 e6 3. Bd3 Bb7 4. Nf3 Nf6 5. Qe2 Nc6 6. c3 Ne7 7. 0-0 d5 8. e5 Ne4 9. Bxe4 dxe4 10. Ng5 Qd5 11. Be3 Nf5 12. Nd2 c5 13. c4 Qd7 14. dxc5 bxc5 15. Ngxe4 Qc7 16. f4 Rd8 17. Rad1 Be7 18. Bf2 0-0 19. Nf3 Qc6 20. Nc3 g5 21. fxg5 Kh8 22. Be3 Rg8 23. Rxd8 Bxd8 24. Rf2 Be7 25. Bf4 Rd8 26. b3 a6 27. Nd1 Qc8 28. Ne3 Ng7 29. Ng4 Nh5 30. Be3 Be4 31. Nd2 Bd3 32. Qf3 Bg6 33. Nf6 Ng7 34. h4 Rd3 35. g4 Qd8 36. h5 Bxf6 37. gxf6 Nf5 38. gxf5 Bxf5 39. Qg3 Qg8 40. Qxg8+ Kxg8 41. Bxc5 Rh3 42. Rg2+ Kh8 43. Rg7 Rxh5 44. Rxf7 h6 45. Rd7 Rg5+ 46. Kf2 Bg6 47. Nf3 Rf5 48. Kg3 Bh5 49. Rd3 Kg8 50. Bd6 Be8 51. c5 Bb5 52. Rd4 Bc6 53. Rf4 Rh5 54. f7+ 1-0

[Event "Niedersachsen-ch Seniors op 10th"]
[Site "Bad Bevensen"]
[Date "2007.07.08"]
[Round "6"]
[White "Polifka, Wilfried"]
[Black "Gottschalk, Juergen"]
[Result "1-0"]
[WhiteElo "1583"]
[BlackElo "1393"]
[PlyCount "56"]
[EventDate "2007.07.03"]
[EventType "swiss"]
[EventRounds "9"]
[EventCountry "GER"]
[SourceTitle "EXT 2022"]
[Source "ChessBase"]
[SourceDate "2021.10.06"]
[SourceVersion "1"]
[SourceVersionDate "2021.10.06"]
[SourceQuality "1"]

1. f4 Nf6 2. Nf3 d6 3. d4 b6 4. e3 Bb7 5. Bd3 e6 6. 0-0 Nbd7 7. c4 h6 8. Bc2 Nh7 9. Nbd2 g6 10. Ne4 f5 11. Ng3 Qe7 12. b4 h5 13. d5 e5 14. Ba4 Bg7 15. Bb2 0-0 16. Bxd7 Qxd7 17. fxe5 dxe5 18. Bxe5 Bh6 19. Qd2 Rab8 20. Nd4 Rbc8 21. Ne6 Rf7 22. Ne2 c6 23. N6f4 cxd5 24. cxd5 Ng5 25. Nxg6 Bxd5 26. Qb2 Be6 27. Ngf4 h4 28. Rad1 Qb7 1-0

[Event "Niedersachsen-ch Seniors op 10th"]
[Site "Bad Bevensen"]
[Date "2007.07.07"]
[Round "5"]
[White "Spindler, Egbert"]
[Black "Polifka, Wilfried"]
[Result "1-0"]
[WhiteElo "1717"]
[BlackElo "1583"]
[PlyCount "70"]
[EventDate "2007.07.03"]
[EventType "swiss"]
[EventRounds "9"]
[EventCountry "GER"]
[SourceTitle "EXT 2022"]
[Source "ChessBase"]
[SourceDate "2021.10.06"]
[SourceVersion "1"]
[SourceVersionDate "2021.10.06"]
[SourceQuality "1"]

1. e4 b6 2. d4 e6 3. Bd3 Bb7 4. Be3 g6 5. Nd2 Bg7 6. c3 Nf6 7. f3 d6 8. Qc2 c5 9. Bb5+ Nbd7 10. Ne2 0-0 11. h4 a6 12. Bxd7 Qxd7 13. g4 h5 14. Rg1 cxd4 15. Bxd4 e5 16. Bxb6 hxg4 17. fxg4 Qb5 18. Be3 a5 19. g5 Nh5 20. Ng3 d5 21. Nxh5 gxh5 22. exd5 Bxd5 23. b3 Be6 24. 0-0-0 Rfc8 25. c4 Qb4 26. Rdf1 a4 27. g6 axb3 28. gxf7+ Bxf7 29. axb3 Ra1+ 30. Nb1 e4 31. Bd4 Rxb1+ 32. Kxb1 Rc7 33. Bxg7 Qb7 34. Be5+ Kf8 35. Bxc7 Qxc7 1-0

[Event "Niedersachsen-ch Seniors op 10th"]
[Site "Bad Bevensen"]
[Date "2007.07.06"]
[Round "4"]
[White "Polifka, Wilfried"]
[Black "Zoeller, Henning"]
[Result "1-0"]
[WhiteElo "1583"]
[BlackElo "1333"]
[PlyCount "69"]
[EventDate "2007.07.03"]
[EventType "swiss"]
[EventRounds "9"]
[EventCountry "GER"]
[SourceTitle "EXT 2022"]
[Source "ChessBase"]
[SourceDate "2021.10.06"]
[SourceVersion "1"]
[SourceVersionDate "2021.10.06"]
[SourceQuality "1"]

1. f4 d6 2. Nf3 Nc6 3. e3 a6 4. d4 e6 5. b3 Nf6 6. Bb2 d5 7. a3 g6 8. Nbd2 b5 9. Bd3 Bd6 10. 0-0 g5 11. Nxg5 h6 12. Ngf3 Qe7 13. Ne5 Bb7 14. Ndf3 0-0-0 15. Nxc6 Bxc6 16. Ne5 Bb7 17. a4 h5 18. Rf3 Ne4 19. axb5 Bxe5 20. fxe5 Rdg8 21. bxa6 Bc6 22. a7 Kd7 23. Bxe4 dxe4 24. Rf6 Ba8 25. c4 Rg5 26. d5 Rhg8 27. Rf2 h4 28. dxe6+ Kc8 29. exf7 Rf8 30. Ba3 c5 31. e6 Qxe6 32. Bxc5 Rxc5 33. Qd4 Qe5 34. Qd1 Qg5 35. Qd6 1-0

[Event "GER-ch Seniors 18th"]
[Site "Dresden"]
[Date "2006.07.23"]
[Round "2"]
[White "Fleischer, Ernst"]
[Black "Polifka, Wilfried"]
[Result "0-1"]
[WhiteElo "1834"]
[BlackElo "1933"]
[PlyCount "112"]
[EventDate "2006.07.22"]
[EventType "swiss"]
[EventRounds "9"]
[EventCountry "GER"]
[SourceTitle "CBM 113 Extra"]
[Source "ChessBase"]
[SourceDate "2006.09.14"]
[SourceVersion "1"]
[SourceVersionDate "2006.09.14"]
[SourceQuality "1"]

1. e4 b6 2. d4 e6 3. Bd3 Bb7 4. Nf3 Be7 5. 0-0 Nf6 6. Re1 d5 7. exd5 Bxd5 8. c3 Nbd7 9. Bf4 Nh5 10. Be3 Nhf6 11. Bf4 Nh5 12. Be3 f5 13. Ne5 Ndf6 14. Bb5+ Kf8 15. Nc6 Qd6 16. Nxe7 Kxe7 17. c4 Bb7 18. Bg5 h6 19. Bxf6+ Nxf6 20. d5 e5 21. Nc3 Rad8 22. Qf3 Bc8 23. Kf1 g5 24. Rxe5+ Kf7 25. Ree1 a6 26. Bc6 Ng4 27. Qg3 f4 28. Qd3 Qxc6 29. h3 Nf6 30. Re5 Qd6 31. Rae1 Rde8 32. Rxe8 Nxe8 33. Ne4 Qg6 34. f3 Nf6 35. d6 Nxe4 36. Rxe4 Qxd6 37. Rd4 Qf6 38. Qd2 Re8 39. b3 Re6 40. Qd3 Kg7 41. Qd2 Rd6 42. Rxd6 cxd6 43. Kf2 Bf5 44. a3 h5 45. b4 Qe5 46. a4 a5 47. bxa5 Qc5+ 48. Kf1 bxa5 49. Qb2+ Kg8 50. Qb8+ Bc8 51. Qb5 Kf7 52. Qb3 Be6 53. Qb7+ Kf6 54. Qb2+ Kg6 55. Qc2+ Kh6 56. Qd2 Bxc4+ 0-1